Workflow handbook 2004

Αποθηκεύτηκε σε:
Λεπτομέρειες βιβλιογραφικής εγγραφής
Συγγραφή απο Οργανισμό/Αρχή: Workflow Management Coalition
Άλλοι συγγραφείς: Fischer, Layna (Επιμελητής έκδοσης)
Μορφή: Βιβλίο
Γλώσσα:English
Δημοσίευση: Lighthouse Point, FL : Future Strategies Inc., c2004
Θέματα:
Ετικέτες: Προσθήκη ετικέτας
Δεν υπάρχουν, Καταχωρήστε ετικέτα πρώτοι!

MARC

LEADER 00000nam a2200000 i 4500
001 1/89786
008 080625s2004 eng d
020 |a 0-9703509-6-1 
035 |l 10098460 
040 |a GR-MY-UA  |b gre  |e aacr 
041 0 |a eng 
082 0 |a 658.51  |2 (22) 
245 1 0 |a Workflow handbook 2004 /  |c edited by Layna Fischer 
260 |a Lighthouse Point, FL :   |b Future Strategies Inc.,   |c c2004 
300 |a 381 σ.;  |b εικ.;  |c 26 εκ. 
500 |a "Publishe in association with the Workflow Management Coalition". - Σελίδα τίτλου 
504 |a Περιλαμβάνει ευρετήριο. 
650 0 0 |a Workflow  |x Management. 
650 0 0 |a Technological innovations. 
650 0 0 |a Information technology. 
650 0 0 |a Total quality management. 
650 0 0 |a Organizational change. 
650 0 0 |a Management information systems. 
700 1 |a Fischer, Layna.  |4 edt 
710 2 |a Workflow Management Coalition. 
852 |a INST  |b SYROS  |e 20080625  |h 658.51 WOR  |p 005500005784  |q 005500005784  |t BK  |y 0 
901 |a BIBL5-2008-2 
909 |a Ε  |b 145357 
922 |a 5ΕΛΗ  |b 200801  |c ΕΠΕΑΕΚ2/ΤΜΣΠΣ  |d ΠΑΠΑΣΩΤΗΡΙΟΥ 
970 |a ΚΑΓΙΑΒΑ  |b ΕΙΡΗΝΗ  |z 2008/06/25